000 00348nam a2200145Ia 4500
008 230917s9999||||xx |||||||||||||| ||und||
040 _e62310
_aMAIN
041 _aEnglish
082 _a323.4 D973T
100 _aDworkin, Ronald
245 0 _aTaking rights seriously
260 _aLondon
_bDuckworth
_c1978
300 _axv, 371 p.
942 _cBK
999 _c198901
_d198901